Návrh opatrení na zlepšenie motivácie zamestnancov zdokonalením štýlu vedenia v podniku HOLLEN, s.r.o.

Guardado en:
Detalles Bibliográficos
Autor principal: Špačková, Ľubomíra, 1985- (Autor)
Otros Autores: Sokolovská, Barbora, 1988- (Orientador)
Formato: Manuscrito Libro
Lenguaje:eslovaco
Publicado: Trnava : STU v Bratislave MTF UPMK, 2014
Materias:
Acceso en línea:VAIS
Etiquetas: Agregar Etiqueta
Sin Etiquetas, Sea el primero en etiquetar este registro!

MARC

LEADER 00000ntm a22000003a 4500
001 stu293248
005 20150617230315.4
008 140708s2014----xo------------------slo-d
040 |a STU  |b slo 
041 0 |a slo 
044 |a xo 
100 1 |a Špačková, Ľubomíra,  |d 1985-  |4 aut  |u M  |T MTF Materiálovotechnologická fakulta  |X 59530  |U M  |Y 60  |7 A000059530 
242 0 0 |a Proposal of measures to improve employees´ motivation through improvement of leadership style in the enterprise HOLLEN, s.r.o.  |y eng 
245 1 |a Návrh opatrení na zlepšenie motivácie zamestnancov zdokonalením štýlu vedenia v podniku HOLLEN, s.r.o.  
260 |a Trnava :  |b STU v Bratislave MTF UPMK,  |c 2014 
300 |a 57s  |c CD 
650 7 |a priemyselné manažérstvo  |2 stusub 
650 7 |a Industrial Management  |2 estusub 
650 7 |a motivation  |2 estusub 
650 7 |a leadership  |2 estusub 
650 7 |a motivácia  |2 stusub 
700 1 |a Sokolovská, Barbora,  |d 1988-  |4 ths  |u M4000  |U MTF Materiálovotechnologická fakulta  |T MTF Ústav priemyselného inžinierstva a manažmentu  |X 56761  |U M4000  |Y 84  |7 A000056761 
856 4 |a info a plný text  |u http://is.stuba.sk/zp/portal_zp.pl?podrobnosti=84782  |3 VAIS 
996 |c M*BP-7027  |l MMSKP  |s P  |a 0  |w stu293248_0001